
Library Catalogue

| 000 -LEADER | |
|---|---|
| fixed length control field | 01705nam a2200217Ia 4500 |
| 003 - CONTROL NUMBER IDENTIFIER | |
| control field | OSt |
| 005 - DATE AND TIME OF LATEST TRANSACTION | |
| control field | 20210416132523.0 |
| 008 - FIXED-LENGTH DATA ELEMENTS--GENERAL INFORMATION | |
| fixed length control field | 160316s2006 xxu||||| |||| 00| 0 eng d |
| 020 ## - INTERNATIONAL STANDARD BOOK NUMBER | |
| International Standard Book Number | 9780415373500 |
| 040 ## - CATALOGING SOURCE | |
| Transcribing agency | n |
| 082 ## - DEWEY DECIMAL CLASSIFICATION NUMBER | |
| Classification number | 337.500000 |
| Item number | HEL |
| 100 ## - MAIN ENTRY--PERSONAL NAME | |
| Personal name | Helen Nesadurai E S |
| 245 ## - TITLE STATEMENT | |
| Title | Globalisation and economic seucirty in East Asia : Governance and institutions |
| 260 ## - PUBLICATION, DISTRIBUTION, ETC. | |
| Place of publication, distribution, etc. | London |
| Name of publisher, distributor, etc. | Routledge |
| Date of publication, distribution, etc. | 2006 |
| 300 ## - PHYSICAL DESCRIPTION | |
| Extent | 262p |
| Dimensions | xvii |
| 365 ## - TRADE PRICE | |
| Price amount | Gratis |
| 505 ## - FORMATTED CONTENTS NOTE | |
| Formatted contents note | Table of contents<br/>Foreword <br/>Acknowledgements <br/>Abbreviations <br/>1. Conceptualising Economic Security in an Era of Globalisation: What Does the East Asian Experience Reveal? <br/>2. Economic Security in an Era of Globalisation: Definition and Provision <br/>3. Crafting Thailand's New Social Contract <br/>4. China Confronts Globalisation: Conceptualising Economic Security and Governance <br/>5. Institutional Capacity and Singapore's Developmental State: Managing Economic (In)Security in the Global Economy <br/>6. Globalization, Economic Security and Governance: The Case of Indonesia <br/>7. Taiwan's Economic Security: Confronting the Dual Trends of Globalisation and Governance <br/>8. Vietnam's Economic Security <br/>9. The Limits to Multilateral Economic Governance <br/>10. Does Hegemony Still Matter? Revisiting Regime Formation in the Asia-Pacific <br/>11. Track 1/Track 2 Symbiosis in Asia Pacific Regionalism <br/>12. Non-State Regional Governance Mechanisms for Economic Security: The Case of the ASEAN People's Assembly <br/>13. Japan, East Asian Regionalism and the Politics of Human Security |
| 650 ## - SUBJECT ADDED ENTRY--TOPICAL TERM | |
| Topical term or geographic name entry element | 1. Foreign Economic Relations - East Asia 2. Economic Security - Globalization - Economic Aspects |
| 700 ## - ADDED ENTRY--PERSONAL NAME | |
| Personal name | |
| -- | |
| 942 ## - ADDED ENTRY ELEMENTS (KOHA) | |
| Source of classification or shelving scheme | Dewey Decimal Classification |
| Koha item type | BOOKs |
| Withdrawn status | Lost status | Damaged status | Not for loan | Home library | Current library | Shelving location | Date acquired | Total Checkouts | Full call number | Barcode | Date last seen | Price effective from | Koha item type |
|---|---|---|---|---|---|---|---|---|---|---|---|---|---|
| . | . | Library Compactors | 30.05.2017 | 337.5 HEL | 31848 | 30.05.2017 | 30.05.2017 | BOOKs |